00274 a2200121 4500001000700000040003500007100001900042240003500061245003000096300000800126362000900134440000900143154558 cEscola São Tomás de Aquino aDURAN, Ednilce10aCrescer com fé e algrialpor10aCrescer com fé e algria a1310 a2012 1aFTD